000 00651nam a22002177a 4500
003 UA-OsUOA
001 73634
007 ta
008 20110314b un ||||| |||| 00| 0 ukr d
100 _aКогут О.
090 _a82
_bК57
942 _cSA
040 _aUA-OsUOA
_bukr
_cUA-OsUOA
_dUA-OsUOA
245 _aМіфологізація урбаністичного часопростору в сюжетах сучасної української драматургії
300 _aС.64-74
955 _a0
041 _aukr
080 _a82
773 0 _w73630
650 7 _a82 Література. Літературознавство
_2UDC
999 _c359925
_d359925